2020 NFL Draft First Round - Statistics

General Stats
  • This quiz has been taken 140 times
  • The average score is 22 of 32
Answer Stats
Hint Answer % Correct
1. Cincinnati Bengals, QB, LSU Joe Burrow
100%
2. Washington Redskins, DE, Ohio St. Chase Young
98%
6. Los Angeles Chargers, QB, Oregon Justin Herbert
98%
5. Miami Dolphins, QB, Alabama Tua Tagovailoa
98%
17. Dallas Cowboys, WR, Oklahoma CeeDee Lamb
93%
22. Minnesota Vikings, WR, LSU Justin Jefferson
93%
12. Las Vegas Raiders, WR, Alabama Henry Ruggs
92%
15. Denver Broncos, WR, Alabama Jerry Jeudy
90%
26. Green Bay Packers, QB, Utah St. Jordan Love
90%
8. Arizona Cardinals, LB, Clemson Isaiah Simmons
83%
21. Philadelphia Eagles, WR, TCU Jalen Reagor
83%
3. Detroit Lions, CB, Ohio St. Jeff Okudah
82%
13. Tampa Bay Buccaneers, OT, Iowa Tristan Wirfs
82%
32. Kansas City Chiefs, RB, LSU Clyde Edwards-Helaire
79%
4. New York Giants, OT, Georgia Andrew Thomas
76%
28. Baltimore Ravens, LB, LSU Patrick Queen
74%
25. San Francisco 49ers, WR, Arizona St. Brandon Aiyuk
73%
7. Carolina Panthers, DT, Auburn Derrick Brown
72%
16. Atlanta Falcons, CB, Clemson A.J. Terrell
68%
10. Cleveland Browns, OT, Alabama Jedrick Wills
61%
11. New York Jets, OT, Louisville Mekhi Becton
61%
9. Jacksonville Jaguars, CB, Florida C.J. Henderson
58%
14. San Francisco 49ers, DT, South Carolina Javon Kinlaw
56%
24. New Orleans Saints, C, Michigan Cesar Ruiz
54%
23. Los Angeles Chargers, LB, Oklahoma Kenneth Murray
52%
18. Miami Dolphins, OT, USC Austin Jackson
43%
19. Las Vegas Raiders, CB, Ohio St. Damon Arnette
43%
27. Seattle Seahawks, LB, Texas Tech Jordyn Brooks
39%
20. Jacksonville Jaguars, LB, LSU K'Lavon Chaisson
38%
29. Tennessee Titans, OT, Georgia Isaiah Wilson
32%
31. Minnesota Vikings, CB, TCU Jeff Gladney
31%
30. Miami Dolphins, CB, Auburn Noah Igbinoghene
30%
No matching quizzes found
Score Distribution
Percent of People with Each Score
Percentile by Number Answered
Your Score History
You have not taken this quiz